| 000 | 01828nam0a2200337 4500 | ||
|---|---|---|---|
| 001 | RU\NLR\BIBL_A\011393467 | ||
| 005 | 20260531050124.0 | ||
| 010 |
_a9785751321543 _9100 |
||
| 021 |
_aRU _b2017-31445 _92318 |
||
| 035 | _a(RuMoRGB)008871114 | ||
| 035 | _a(NLR Aleph) 011393467 | ||
| 090 |
_a11465058 _c11465058 |
||
| 100 | _a20170525d2015 u y0rusy50 ca | ||
| 101 | 0 | _arus | |
| 102 | _aRU | ||
| 105 | _aa zzzz000|1yy | ||
| 200 | 1 |
_aСистемы счисления _eучебное пособие для студентов специальности 050202.65 "Информатика" вузов региона _fЮ. С. Антонов, А. А. Прокопьева _gМинистерство образования и науки Российской Федерации, Северо-Восточный федеральный университет имени М. К. Аммосова, Институт математики и информатики |
|
| 210 |
_aЯкутск _cСВФУ _d2015 |
||
| 215 |
_a151 с. _cил. _d21 |
||
| 320 | _aБиблиогр.: с. 147-151 (51 назв.) | ||
| 606 |
_aСистемы счисления _jУчебные издания для высших учебных заведений _9912445 _3RU\NLR\AUTH\66333411 |
||
| 606 | 1 |
_aСистемы счисления _jУчебные издания _xИзучение в школе _92219461 _3RU\NLR\AUTH\6601566062 |
|
| 686 |
_aВ140я73-1 _2rubbk |
||
| 686 | 1 | _aВ140я73-1 | |
| 686 | 1 | _aЧ426.29-1я7 | |
| 700 | 1 |
_8rus _7ca _aАнтонов _bЮ. С. _cканд. физ.-мат. наук _gЮрий Саввич _3RU\NLR\AUTH\7720832 _93898 |
|
| 701 | 1 |
_aПрокопьева _bА. А. _gАлександра Александровна |
|
| 942 | _cBOOK | ||
| 980 | _aNBR | ||